'E' Entertainment Images Quiz Stats

 Plays Quiz Updated Jun 17, 2015

Challenge
Share
Tweet
Score 0/30 Timer 04:00
1 Play Today
% Correct
_________________
100%
_________________
99.9%
_________________
99.9%
_________________
99.9%
_________________
99.9%
_________________
99.9%
Eeyore
81.5%
Elmer Fudd
79.3%
Earl Hickey
77.8%
Elaine Benes
72.2%
Elroy Jetson
60.4%
Elvis Costello
56.9%
Eric Forman
55.3%
Edna Krabappel
54.1%
Eddie Munster
54.1%
% Correct
Elton John
49.8%
Evil Monkey
45.3%
Eminem
38.1%
Elliot Reid
36.4%
Emma Pillsbury
34.6%
The Eagles
33.3%
Eugene H. Krabs
27.2%
Lady Edith Crawley
20.4%
Elmyra Duff
19.2%
Excitebike
16.9%
Mr. Eko
16.6%
Eek! The Cat
7.5%
Everquest
4.7%
Elevator Action
3.6%
Empire Earth II
3.2%

You're not logged in!

Compare scores with friends on all Sporcle quizzes.
Join for Free
OR
Log In

You Might Also Like...

Show Comments

Extras

Top Quizzes Today


Score Distribution

Your Account Isn't Verified!

In order to create a playlist on Sporcle, you need to verify the email address you used during registration. Go to your Sporcle Settings to finish the process.

Report this User

Report this user for behavior that violates our Community Guidelines.

Details: